000 00288nam a22001337a 4500
008 190225b xxu||||| |||| 00| 0 eng d
020 _a9780669201017
041 _aeng
080 _a371
100 _a25
101 _aEDU
245 _aThe Reading Edge
_cJohnson, B.E
942 _2udc
_cBK
999 _c54222
_d54222